Дело о пожалованиях в придворные чины и звания 30 августа, 6 сентября и 5 октября

Доступно только в Электронных читальных залах Найти на картеНа карте
RUSMARC
00003562nmc2a22002413x 450
0016b5bd52b-bc8e-4abd-8ecd-083121d0c6b6
00520250210111821.0
100##$a20241030l19111911k l0rusy0189 ca
1010#$arus
102##$aRU
105##$ay###
1222#$ad
2001#$aДело о пожалованиях в придворные чины и звания 30 августа, 6 сентября и 5 октября
$j28 августа - 4 октября 1911 г.
215##$a131 л.
$d36,5х26 см
251##$cДело
300##$aДело
371##$aДокумент не является опубликованным и широко распространяемым
461#0$100108cd6ec2-be9a-457f-a0b6-fa449e506316
$12001
$aКанцелярия Министерства Императорского двора
$1251
$cФонд
$1852
$j472
462#0$10017c8d6013-cf31-4dac-bfe7-f095d5511a1a
$12001
$aКанцелярия Министерства Императорского двора
$1251
$cОпись
$1852
$j45
$l1911 г.
801#0$aRU
$bРГИА
$c20241030
$gRCR
801#1$aRU
$bГлавНИВЦ
$c20241030
$2rusmarc
801#2$aRU
$bПБ им. Б.Н. Ельцина
$c20250210
$gRCR
$2rusmarc
850##$aРГИА
852##$aРГИА
$eФедеральное казенное учреждение "Российский государственный исторический архив" (РГИА)
$j10
$lд
937##$hРГИА
$d12419891
$aASBIBLIO_SCAN
035##$aRusGRCC00082032
856##$uhttp://readingroom.main.prlib.ru/item.aspx?id_node=n196131972&mode=full
Формат отображения